000 00530pab a2200169 454500
008 180718b2011 xxu||||| |||| 00| 0 eng d
100 _aShekhar, Beulah
245 _aAn analysis of the psychological, clinical, sociological and demographic correlates of the suicide from the life and time of Ernest Hemingway
260 _c2011
300 _ap.52-64.
362 _aJan-Jun
650 _aHemingway, Ernest
650 _aSuicide
773 _aIndian Journal of Criminology and Criminalistics
908 _aN
909 _a95253
999 _c95253
_d95253